| 000 | 00605nam a22002052 4500 | ||
|---|---|---|---|
| 001 | 0000001948 | ||
| 005 | 20151217151834.0 | ||
| 008 | 070329s xx 000 0 eng d | ||
| 020 | _a0416902502 : | ||
| 040 |
_aKABU _cKABU |
||
| 050 | 0 |
_aHD75.6 _b.R43 |
|
| 100 | 1 |
_aRedclift, Michael. _@0000151067 |
|
| 245 | 1 | 0 |
_aSustainable development : _bexploring the contradiction. |
| 260 |
_aLondon : _bMethuen, _c1987. |
||
| 300 | _avii, 221 p. | ||
| 650 | 0 |
_aEconomic development _xEnvironmental aspects. _@0000150122 |
|
| 908 | _a070329 | ||
| 950 | _@1 | ||
| 999 |
_c5542 _d5542 |
||